[Event "OGOLNOPOLSKA OLIMPIADA MLODZIEZY<br/>MISTRZOSTWA POLSKI JUNIOROW 2016 - C14"]
[Site "Olecko"]
[Date "2016-05-07"]
[Round "3.1"]
[White "Namyslak, Piotr"]
[Black "Teclaf, Pawel"]
[Result "0-1"]
[WhiteTitle "I"]
[BlackTitle "CM"]
[WhiteElo "1775"]
[BlackElo "2214"]

1. c4 b6 2. Nc3 Bb7 3. e4 e6 4. d4 Bb4 5. Bd3 f5 6. d5 fxe4 7. Bxe4 Nf6 8. Bg5
exd5 9. Bxd5 Bxd5 10. cxd5 Qe7+ 11. Nge2 Qe5 12. Bxf6 Bxc3+ 13. bxc3 Qxf6 14.
Qd4 O-O 15. Qxf6 Rxf6 16. O-O Na6 17. Nd4 Nc5 18. Rae1 Raf8 19. Re3 Rd6 20. c4
c6 21. Nb3 cxd5 22. Nxc5 bxc5 23. Rd1 d4 24. Re5 Rc8 25. Kf1 Rb6 26. Ke2 Ra6 27.
Rd2 Ra3 28. Rd5 Rc7 29. Rc2 Kf7 30. Kd1 Ra6 31. Rb2 Rb6 32. Rb3 Rxb3 33. axb3
Ke6 34. Rh5 h6 35. Kc2 d6 36. Rh4 d5 37. cxd5+ Kxd5 38. Kd3 Rb7 39. Rh5+ Kc6 40.
Kc2 Rf7 41. f3 Re7 42. g4 Re2+ 43. Kd1 Re3 44. g5 hxg5 45. Rxg5 Rxb3 46. Rxg7
Rxf3 47. Rxa7 Rh3 48. Ra2 c4 49. Rg2 Kd5 50. Kd2 c3+ 51. Kd1 Kc4 52. Kc1 Kb3 53.
Kb1 d3 54. Rb2+ Kc4 55. Rf2 Rh7 56. Rf4+ Kb3 57. h4 c2+ 58. Kc1 Kc3 59. Rf2 Rf7
60. Rxf7 d2# 0-1

[Event "OGOLNOPOLSKA OLIMPIADA MLODZIEZY<br/>MISTRZOSTWA POLSKI JUNIOROW 2016 - C14"]
[Site "Olecko"]
[Date "2016-05-07"]
[Round "3.2"]
[White "Ochowicz, Jakub"]
[Black "Pytel, Maciej"]
[Result "1-0"]
[WhiteTitle "I+"]
[BlackTitle "I"]
[WhiteElo "2040"]
[BlackElo "1904"]

1. e4 c5 2. Nf3 e6 3. d4 cxd4 4. Nxd4 a6 5. Bd3 Qc7 6. O-O Nf6 7. Qe2 d6 8. c4
Nc6 9. Be3 Ne5 10. f3 Nxd3 11. Qxd3 Be7 12. Nc3 Bd7 13. Rac1 Rc8 14. b3 O-O 15.
Rfd1 Qb8 16. Qe2 Rfe8 17. Qf2 Bd8 18. Nde2 b6 19. Ng3 Bc6 20. Bd4 Ba8 21. Qd2
Rc6 22. Re1 Nd7 23. Nh5 f6 24. f4 Be7 25. Qe2 Bf8 26. Qg4 Kh8 27. Rcd1 Qc7 28.
Rd3 Qd8 29. f5 e5 30. Bf2 Qe7 31. Rh3 Qf7 32. Qh4 h6 33. Qg4 Rb8 34. Be3 b5 35.
Nxg7 Qxg7 36. Rxh6+ Qxh6 37. Bxh6 Bxh6 38. Qh5 Kg7 39. Qg6+ Kf8 40. Qxh6+ Ke8
41. Nd5 bxc4 42. Qh8+ Kf7 43. Qh7+ 1-0

[Event "OGOLNOPOLSKA OLIMPIADA MLODZIEZY<br/>MISTRZOSTWA POLSKI JUNIOROW 2016 - C14"]
[Site "Olecko"]
[Date "2016-05-07"]
[Round "3.3"]
[White "Majocha, Piotr"]
[Black "Szczurek, Krzysztof"]
[Result "1/2-1/2"]
[WhiteTitle "I"]
[BlackTitle "I"]
[WhiteElo "1703"]
[BlackElo "1991"]

1. e4 c5 2. c3 d5 3. exd5 Qxd5 4. d4 Nc6 5. Nf3 Bf5 6. Be2 e6 7. Be3 cxd4 8. cxd4
Bxb1 9. Qxb1 Bb4+ 10. Kf1 Nge7 11. Bd3 h6 12. Qd1 Rd8 13. Bc2 Ba5 14. Qe2 Bb6
15. Bb3 Qd6 16. Rd1 O-O 17. g3 Qc7 18. Kg2 Rd7 19. Rd2 Rfd8 20. Rhd1 Nd5 21. a3
Qd6 22. Ba4 Qc7 23. Rc1 Qd6 24. Bxc6 bxc6 25. Kg1 f6 26. Qc4 Nxe3 27. fxe3 Qd5
28. Qxd5 cxd5 29. Kf2 Re8 30. Rdc2 Rdd8 31. b4 e5 32. Rd1 exd4 33. exd4 g5 34.
a4 Rc8 35. Rxc8 Rxc8 36. a5 Bc7 37. Rb1 Kf7 38. Ne1 Rb8 39. a6 Bb6 40. Ke3 Re8+
41. Kd3 Re4 42. Nc2 Re8 43. b5 Rc8 44. Nb4 Rc4 45. Nc6 Ra4 46. Re1 Ra3+ 47. Kc2
Ra2+ 48. Kb3 Rxh2 49. Re7+ Kg6 50. Nxa7 Bxd4 51. Nc8 Rb2+ 52. Ka4 Ra2+ 53. Kb3
Rb2+ 54. Ka4 h5 55. a7 Ra2+ 56. Kb3 Rb2+ 57. Ka4 h4 58. gxh4 gxh4 59. Ka3 Rb1
60. Re2 Bxa7 61. Nxa7 h3 62. Ka2 Rb4 63. Ka3 Rb1 64. Ka2 Rb4 1/2-1/2

[Event "OGOLNOPOLSKA OLIMPIADA MLODZIEZY<br/>MISTRZOSTWA POLSKI JUNIOROW 2016 - C14"]
[Site "Olecko"]
[Date "2016-05-07"]
[Round "3.4"]
[White "Szpar, Milosz"]
[Black "Radecki, Adam"]
[Result "1-0"]
[WhiteTitle "I"]
[BlackTitle "I"]
[WhiteElo "1956"]
[BlackElo "1667"]

1. e4 e5 2. Nf3 Nc6 3. Bb5 Nge7 4. O-O g6 5. Re1 Bg7 6. c3 a6 7. Ba4 O-O 8. d4
exd4 9. Nxd4 b5 10. Bb3 Nxd4 11. cxd4 Nc6 12. Be3 Bb7 13. Bd5 Qc8 14. Nc3 Na5
15. Rc1 Qd8 16. Bxb7 Nxb7 17. e5 Rc8 18. Qf3 Na5 19. Bf4 Kh8 20. Ne4 h6 21. Qh3
Kh7 22. Nf6+ Bxf6 23. Qxh6+ Kg8 24. exf6 1-0

[Event "OGOLNOPOLSKA OLIMPIADA MLODZIEZY<br/>MISTRZOSTWA POLSKI JUNIOROW 2016 - C14"]
[Site "Olecko"]
[Date "2016-05-07"]
[Round "3.5"]
[White "Psyk, Radoslaw"]
[Black "Pacan-milej, Kosma"]
[Result "1/2-1/2"]
[WhiteTitle "k"]
[BlackTitle "I"]
[WhiteElo "2219"]
[BlackElo "1967"]

1. f4 d5 2. Nf3 g6 3. e3 Bg7 4. Be2 Nf6 5. O-O O-O 6. d3 c5 7. h3 Nc6 8. Nbd2 Qc7
9. Qe1 e5 10. fxe5 Nxe5 11. Nxe5 Qxe5 12. Nf3 Qe7 13. Qh4 Re8 14. Nh2 b6 15. g4
Nd7 16. Qf2 Bb7 17. Bf3 Bh6 18. Re1 Ne5 19. Bg2 Bg5 20. Re2 Bh4 21. Qf4 Bg5 22.
Qf1 Rf8 23. e4 Bxc1 24. Rxc1 dxe4 25. Bxe4 Bxe4 26. Rxe4 f5 27. gxf5 Rxf5 28.
Qg2 Raf8 29. Rce1 Qf6 30. R1e2 Rg5 31. Ng4 Rxg4 32. Rxg4 Nxg4 33. hxg4 Qxb2 34.
Qd5+ Kh8 35. Kg2 Qf6 36. Qe4 Kg7 37. a4 Qf4 38. Kh3 Qxe4 39. Rxe4 Kf6 40. a5 Rd8
41. Rf4+ Ke6 42. Re4+ Kd6 43. axb6 axb6 44. Kh4 h6 45. Kg3 Rf8 46. Re2 Rf6 47.
Re1 Re6 48. Rh1 g5 49. Kf3 Kd5 50. c3 Rf6+ 51. Ke3 Re6+ 52. Kf3 b5 53. Rb1 Kc6
54. d4 cxd4 55. cxd4 Kd5 56. Rxb5+ 1/2-1/2

[Event "OGOLNOPOLSKA OLIMPIADA MLODZIEZY<br/>MISTRZOSTWA POLSKI JUNIOROW 2016 - C14"]
[Site "Olecko"]
[Date "2016-05-07"]
[Round "3.6"]
[White "Pniaczek, Marek"]
[Black "Mis, Mieszko"]
[Result "0-1"]
[WhiteTitle "I+"]
[BlackTitle "I+"]
[WhiteElo "1855"]
[BlackElo "2069"]

1. e4 c6 2. d4 d5 3. Nc3 dxe4 4. Nxe4 Nd7 5. Qe2 e6 6. Nf3 Ngf6 7. c3 Be7 8. Bg5
O-O 9. g3 h6 10. Bxf6 Nxf6 11. Bg2 Nxe4 12. Qxe4 Qb6 13. Qc2 c5 14. dxc5 Bxc5
15. O-O Bd7 16. Ne5 Bb5 17. Rfd1 Rfd8 18. a4 Be8 19. b4 Be7 20. Qb3 Qc7 21. Nd3
Rac8 22. Rac1 Bg5 23. f4 Bf6 24. c4 Rd4 25. c5 Rcd8 26. Ne5 a5 27. b5 Rxd1+ 28.
Rxd1 Qxc5+ 29. Kh1 Rb8 30. Nc4 b6 31. Nd6 Be7 32. Nxe8 Rxe8 33. h3 Rc8 34. Kh2
Qc4 35. Qf3 Bc5 36. Qb7 Rf8 37. Qe4 Qb3 38. Rb1 Qc3 39. Rd1 Qa3 40. Qd3 Qxa4 41.
Rd2 Qb4 42. Rd1 Be7 43. Be4 a4 44. Rb1 Qc5 45. Qc2 Qxc2+ 46. Bxc2 a3 47. Ra1 Rd8
48. Ra2 Rd2+ 49. Kh1 Bb4 50. Bb3 Rd3 51. Bc2 Rxg3 0-1

[Event "OGOLNOPOLSKA OLIMPIADA MLODZIEZY<br/>MISTRZOSTWA POLSKI JUNIOROW 2016 - C14"]
[Site "Olecko"]
[Date "2016-05-07"]
[Round "3.7"]
[White "Godzwon, Iwo"]
[Black "Nowak, Mikolaj"]
[Result "0-1"]
[WhiteTitle "I"]
[BlackTitle "I++"]
[WhiteElo "1836"]
[BlackElo "2024"]

1. e4 e5 2. Nf3 Nc6 3. Bb5 a6 4. Ba4 Nf6 5. O-O Be7 6. Re1 b5 7. Bb3 d6 8. c3 O-O
9. h3 Nd7 10. d4 Bf6 11. Be3 Na5 12. Bc2 Nc4 13. Bc1 c5 14. Nbd2 Nxd2 15. Qxd2
Qc7 16. d5 c4 17. Qe2 Nc5 18. Nh2 g6 19. Nf1 Bg7 20. Ng3 Bd7 21. f4 exf4 22. Bxf4
Rae8 23. Qd2 Qb6 24. Kh2 Bc8 25. Bh6 Nd7 26. Bxg7 Kxg7 27. Re2 Qd8 28. Rf1 Ne5
29. Ree1 Qh4 30. Ne2 Bd7 31. Nd4 Rb8 32. Nf3 Qe7 33. a3 Nxf3+ 34. Rxf3 Qe5+ 35.
Qf4 Qxf4+ 36. Rxf4 f6 37. Rf2 a5 38. Rd1 Rbe8 39. g4 Re5 40. Rg1 h5 41. gxh5 Rxh5
42. Rg3 Rfh8 43. Rff3 g5 44. Bd1 g4 45. Rf4 Rxh3+ 46. Rxh3 Rxh3+ 47. Kg2 Rd3 48.
Bxg4 Rd2+ 49. Kf1 Bxg4 50. Rxg4+ Kh6 51. a4 Rxb2 52. axb5 a4 0-1

[Event "OGOLNOPOLSKA OLIMPIADA MLODZIEZY<br/>MISTRZOSTWA POLSKI JUNIOROW 2016 - C14"]
[Site "Olecko"]
[Date "2016-05-07"]
[Round "3.8"]
[White "Kosakowski, Jakub"]
[Black "Ossolinski, Ziemowit"]
[Result "1-0"]
[WhiteTitle "k"]
[BlackTitle "I"]
[WhiteElo "2202"]
[BlackElo "1849"]

1. e4 c5 2. Nf3 e6 3. d4 cxd4 4. Nxd4 Qb6 5. Nb3 a6 6. Bd3 Nf6 7. O-O Nc6 8. N1d2
d5 9. Re1 Be7 10. c3 Ne5 11. Bc2 Qc7 12. exd5 Nxd5 13. Nf3 Nxf3+ 14. Qxf3 Bd7
15. Nd4 Nf6 16. Bf4 Qb6 17. Bb3 O-O 18. Be5 Rfe8 19. Rad1 Rad8 20. Qg3 Rc8 21.
Nf5 exf5 22. Rxd7 Qc6 23. Rdd1 Bc5 24. h3 g6 25. Qh4 Nh5 26. Bd5 Qb6 27. Bf3 Be7
28. Qa4 Bc5 29. Qc2 f6 30. Bh2 Ng7 31. b4 Bf8 32. Qb3+ Kh8 33. Qf7 Rxe1+ 34. Rxe1
Bd6 35. Bxd6 Qxd6 36. Re7 Rg8 37. Bd5 Qd8 38. Qxg8+ Qxg8 39. Bxg8 Kxg8 40. Rxb7
1-0

[Event "OGOLNOPOLSKA OLIMPIADA MLODZIEZY<br/>MISTRZOSTWA POLSKI JUNIOROW 2016 - C14"]
[Site "Olecko"]
[Date "2016-05-07"]
[Round "3.9"]
[White "Kopaczewski, Adam"]
[Black "Pultorak, Jan"]
[Result "0-1"]
[WhiteTitle "I"]
[BlackTitle "FM"]
[WhiteElo "1854"]
[BlackElo "2301"]

1. e4 c5 2. Nf3 d6 3. d4 Nf6 4. Nc3 cxd4 5. Nxd4 a6 6. f4 e6 7. Be2 Be7 8. Be3
Qc7 9. O-O O-O 10. a4 Nc6 11. Kh1 Re8 12. Qe1 Nxd4 13. Bxd4 e5 14. fxe5 dxe5 15.
Be3 Be6 16. Qg3 Kh8 17. Rad1 Rad8 18. h3 Qa5 19. Bg5 Qb4 20. Bxf6 Bxf6 21. b3
Qc5 22. Rf3 Rd4 23. Rdd3 Red8 24. Qf2 Bg5 25. Nb5 axb5 26. c3 bxa4 27. cxd4 exd4
28. bxa4 Qe5 29. Qg3 Qa5 30. Rd1 Be3 31. Bb5 Rc8 32. Qd6 Qc3 33. Qe5 Qc2 34. Rdf1
Qc5 35. Qg3 Qc7 36. Qh4 h6 37. Qe1 Qc2 38. Qb4 Qxe4 39. Rd1 Bd5 40. Bd7 Rd8 41.
Bf5 Qe5 42. Rff1 Qg3 43. Qb2 g6 44. Bg4 h5 45. Bf3 Bf4 46. Qxd4+ Kh7 47. Qg1 Bxf3
48. Rxf3 Rxd1 0-1

[Event "OGOLNOPOLSKA OLIMPIADA MLODZIEZY<br/>MISTRZOSTWA POLSKI JUNIOROW 2016 - C14"]
[Site "Olecko"]
[Date "2016-05-07"]
[Round "3.10"]
[White "Lis, Mateusz"]
[Black "Polczyk, Mikolaj"]
[Result "1-0"]
[WhiteTitle "I"]
[BlackTitle "I"]
[WhiteElo "1998"]
[BlackElo "1831"]

1. e4 e6 2. d4 d5 3. Nd2 c5 4. exd5 exd5 5. Ngf3 Nc6 6. Bb5 Bd6 7. O-O Nge7 8.
dxc5 Bxc5 9. Nb3 Bd6 10. c3 O-O 11. Bg5 Bg4 12. Be2 Qc7 13. h3 Bd7 14. Qd2 h6
15. Be3 Rad8 16. Rad1 Bc8 17. Nbd4 a6 18. Bd3 Ng6 19. Bb1 Nf4 20. Qc2 f5 21. Rfe1
Qf7 22. Bxf4 Bxf4 23. a3 Qf6 24. Ba2 Na5 25. Qa4 Nc6 26. Nxc6 bxc6 27. Qxf4 g5
28. Qd4 Qd6 29. c4 Bb7 30. cxd5 cxd5 31. Qe5 Rf7 32. Qxd6 Rxd6 33. Re5 g4 34.
hxg4 fxg4 35. Re8+ Kg7 36. Ne5 Rc7 37. Nxg4 h5 38. Ne3 1-0

[Event "OGOLNOPOLSKA OLIMPIADA MLODZIEZY<br/>MISTRZOSTWA POLSKI JUNIOROW 2016 - C14"]
[Site "Olecko"]
[Date "2016-05-07"]
[Round "3.11"]
[White "Strzelecki, Maciej"]
[Black "Kokoszczynski, Jan"]
[Result "0-1"]
[WhiteTitle "I"]
[BlackTitle "k"]
[WhiteElo "1813"]
[BlackElo "1983"]

1. e4 c5 2. Nf3 d6 3. d4 cxd4 4. Nxd4 Nf6 5. Nc3 a6 6. h3 e6 7. g4 h6 8. Bg2 Nbd7
9. Be3 Be7 10. Qd2 Ne5 11. b3 g5 12. f4 gxf4 13. Bxf4 Qc7 14. Nde2 h5 15. g5 Nfd7
16. O-O h4 17. Rf2 Nf8 18. Raf1 Nfg6 19. Be3 Bd7 20. Nf4 Rh7 21. Nxg6 Nxg6 22.
Ne2 Ne5 23. c4 O-O-O 24. Rc1 Bc6 25. Nd4 Kb8 26. Nb5 Qd7 27. Qd4 b6 28. Nc3 Qb7
29. Rd1 Rg7 30. Qxb6 Qxb6 31. Bxb6 Rd7 32. Bd4 Bxg5 33. c5 Be7 34. b4 f6 35. Bxe5
dxe5 36. Rxd7 Bxd7 37. Rd2 Bc6 38. Kf1 Rg3 39. Ne2 Rg8 40. Nc3 Kc7 41. Rd3 Rb8
42. a3 a5 43. bxa5 Bxc5 44. a4 Ra8 45. Nb5+ Bxb5 46. axb5 Rxa5 47. Rb3 Ra1+ 48.
Ke2 Ra2+ 49. Kf3 Rf2+ 0-1

[Event "OGOLNOPOLSKA OLIMPIADA MLODZIEZY<br/>MISTRZOSTWA POLSKI JUNIOROW 2016 - C14"]
[Site "Olecko"]
[Date "2016-05-07"]
[Round "3.12"]
[White "Golenia, Jan"]
[Black "Mietkiewicz, Jacek"]
[Result "0-1"]
[WhiteTitle "I"]
[BlackTitle "I"]
[WhiteElo "1973"]
[BlackElo "1750"]

1. d4 d5 2. Nf3 e6 3. Bf4 c5 4. e3 Nc6 5. c3 Nf6 6. Nbd2 cxd4 7. exd4 Bd6 8. Bg5
O-O 9. Be2 Be7 10. Qc2 Ne8 11. Bf4 f6 12. Bd3 f5 13. O-O h6 14. Nb3 g5 15. Bd2
Rf7 16. Rae1 Rg7 17. Kh1 Bd6 18. Re2 g4 19. Ne5 Nf6 20. Bxh6 Rh7 21. Qc1 Nh5 22.
g3 Be7 23. Kg2 Qe8 24. Rfe1 Nxe5 25. Rxe5 Ng7 26. Bxg7 Qh5 27. Rh1 Bg5 28. Qe1
Kxg7 29. Nc5 Rh6 30. Nxe6+ Bxe6 31. Rxe6 Rxe6 32. Qxe6 Re8 33. Qd7+ Re7 34. Bxf5
Rxd7 35. Bxd7 Qh3+ 36. Kg1 Kf6 37. f3 Be3# 0-1

[Event "OGOLNOPOLSKA OLIMPIADA MLODZIEZY<br/>MISTRZOSTWA POLSKI JUNIOROW 2016 - C14"]
[Site "Olecko"]
[Date "2016-05-07"]
[Round "3.13"]
[White "Kopec, Norbert"]
[Black "Fus, Jakub"]
[Result "1/2-1/2"]
[WhiteTitle "II"]
[BlackTitle "I+"]
[WhiteElo "1558"]
[BlackElo "1936"]

1. e4 c5 2. Nf3 e6 3. d4 cxd4 4. Nxd4 a6 5. c4 Nf6 6. Nc3 Bb4 7. Bd3 Nc6 8. Nxc6
dxc6 9. Qc2 e5 10. O-O O-O 11. Ne2 Bc5 12. Ng3 Re8 13. Bg5 h6 14. Bd2 a5 15. Rad1
Nd7 16. Be2 Qc7 17. Qd3 Nf8 18. Nf5 Bxf5 19. exf5 e4 20. Qh3 Qe7 21. Bc3 f6 22.
Kh1 Bb4 23. Bd4 Bc5 24. Bc3 Bb4 25. Bd4 Bc5 26. Bc3 Bb4 27. Bd4 Bc5 1/2-1/2

[Event "OGOLNOPOLSKA OLIMPIADA MLODZIEZY<br/>MISTRZOSTWA POLSKI JUNIOROW 2016 - C14"]
[Site "Olecko"]
[Date "2016-05-07"]
[Round "3.14"]
[White "Kozak, Antoni"]
[Black "Wierzbicki, Michal"]
[Result "1/2-1/2"]
[WhiteTitle "I"]
[BlackTitle "I"]
[WhiteElo "1932"]
[BlackElo "1708"]

1. e4 e6 2. d4 d5 3. Nc3 Nf6 4. e5 Nfd7 5. f4 c5 6. Nf3 Nc6 7. Be3 Be7 8. dxc5
Nxc5 9. Qd2 O-O 10. O-O-O a6 11. Bxc5 Bxc5 12. Bd3 Be7 13. h4 f6 14. exf6 Bxf6
15. Ng5 h6 16. Bh7+ Kh8 17. Qd3 Nb4 18. Qg6 Qe8 19. Qxe8 Rxe8 20. Bg6 Rf8 21.
Nh7 Rd8 22. Nxf6 gxf6 23. Rhe1 Kg7 24. h5 d4 25. a3 Nc6 26. Na4 e5 27. Be4 Bg4
28. Bf3 Bxf3 29. gxf3 Kf7 30. fxe5 fxe5 31. Nc5 b6 32. Nd3 Re8 33. f4 e4 34. Ne5+
Nxe5 35. fxe5 Rxe5 36. Rxd4 Rae8 37. Rf1+ Kg7 38. Rg1+ Kf7 39. Rf1+ Kg7 40. Rg1+
Kf7 1/2-1/2

[Event "OGOLNOPOLSKA OLIMPIADA MLODZIEZY<br/>MISTRZOSTWA POLSKI JUNIOROW 2016 - C14"]
[Site "Olecko"]
[Date "2016-05-07"]
[Round "3.15"]
[White "Golecki, Jan"]
[Black "Maciak, Jakub"]
[Result "1-0"]
[WhiteTitle "I+"]
[BlackTitle "II"]
[WhiteElo "1880"]
[BlackElo "1465"]

1. e4 c5 2. Nf3 e6 3. d4 cxd4 4. Nxd4 Nc6 5. Nc3 Qc7 6. Be2 a6 7. O-O Nf6 8. Be3
Bb4 9. Na4 b5 10. Nxc6 dxc6 11. Nb6 Rb8 12. Nxc8 Rxc8 13. c3 Be7 14. Bf3 O-O 15.
a4 b4 16. cxb4 Bxb4 17. Qc2 Rfd8 18. g3 e5 19. Rfd1 c5 20. Qc4 Qc6 21. b3 Qe6
22. Rxd8+ Rxd8 23. Qc2 Qe7 24. Rc1 Nd7 25. Qd3 a5 26. Rd1 Kf8 27. Bg4 Ke8 28.
Qb5 g6 29. Bxd7+ Rxd7 30. Bg5 f6 31. Bxf6 Qe6 32. Rd5 Qg4 33. f3 Qh3 34. g4 Bc3
35. Qxd7+ 1-0

[Event "OGOLNOPOLSKA OLIMPIADA MLODZIEZY<br/>MISTRZOSTWA POLSKI JUNIOROW 2016 - C14"]
[Site "Olecko"]
[Date "2016-05-07"]
[Round "3.16"]
[White "Sanz Wawer, Daniel"]
[Black "Brzozowski, Pawel"]
[Result "1-0"]
[WhiteTitle "k"]
[BlackTitle "II"]
[WhiteElo "1988"]
[BlackElo "1567"]

1. d4 d5 2. c4 e6 3. Nc3 Nf6 4. cxd5 exd5 5. Bg5 Be7 6. e3 c6 7. Bd3 O-O 8. Qc2
Nbd7 9. Nf3 Re8 10. O-O Nf8 11. Rab1 Nh5 12. Bxe7 Qxe7 13. b4 g6 14. b5 Ng7 15.
bxc6 bxc6 16. Na4 Qd6 17. Rfc1 Bd7 18. Nc5 Rec8 19. Rb3 Nge6 20. Ne5 Nxc5 21.
Qxc5 Qxc5 22. Rxc5 f6 23. Nxd7 Nxd7 24. Rc1 f5 25. g3 Kf8 26. Rbc3 Nb8 27. Rc5
Rd8 28. Bc2 Na6 29. Rxc6 Nb4 30. Rc7 Nxa2 31. Ra1 Nb4 32. Bb3 h5 33. Raxa7 Rxa7
34. Rxa7 Nc6 35. Rc7 Ne7 36. h4 Kf7 37. Rb7 Rd6 38. Kg2 Kf6 39. Kf3 Kf7 40. Kf4
Kf6 41. Rb8 Re6 42. Rf8+ Kg7 43. Rd8 Kf6 44. Bxd5 Nxd5+ 45. Rxd5 Re4+ 46. Kf3
Ke6 47. Ra5 Kf6 48. Ra6+ Kf7 49. Ra7+ Ke6 50. Ra5 Kf6 51. Re5 Rxe5 52. dxe5+ Kxe5
53. Ke2 Ke4 54. f3+ Ke5 55. Kd3 Kd5 56. e4+ Ke5 57. f4+ Ke6 58. e5 Kd5 59. Ke3
Kc5 60. Kd2 Kc6 61. Kc2 Kd5 62. Kd3 Kc5 63. Kc3 Kd5 64. Kb4 Ke6 65. Kc5 Ke7 66.
Kd5 1-0

[Event "OGOLNOPOLSKA OLIMPIADA MLODZIEZY<br/>MISTRZOSTWA POLSKI JUNIOROW 2016 - C14"]
[Site "Olecko"]
[Date "2016-05-07"]
[Round "3.17"]
[White "Rogala, Milosz"]
[Black "Mike, Patryk"]
[Result "0-1"]
[WhiteTitle "II"]
[BlackTitle "I"]
[WhiteElo "1561"]
[BlackElo "1804"]

1. e4 e5 2. Nf3 Nf6 3. Nxe5 d6 4. Nf3 Nxe4 5. d4 d5 6. Bd3 Bd6 7. O-O O-O 8. Nc3
Nxc3 9. bxc3 Nd7 10. Ng5 Nf6 11. c4 h6 12. Nf3 c6 13. Re1 Be6 14. c5 Bc7 15. Ne5
Nd7 16. f4 Nxe5 17. dxe5 Qd7 18. Re3 Bf5 19. Rg3 g6 20. Bb2 Kh7 21. h4 Rg8 22.
h5 b6 23. hxg6+ Rxg6 24. Rxg6 fxg6 25. cxb6 Bxb6+ 26. Kh1 Rf8 27. g3 Bxd3 28.
g4 Be4+ 29. Kh2 Rxf4 30. c4 Rf2+ 0-1

[Event "OGOLNOPOLSKA OLIMPIADA MLODZIEZY<br/>MISTRZOSTWA POLSKI JUNIOROW 2016 - C14"]
[Site "Olecko"]
[Date "2016-05-07"]
[Round "3.18"]
[White "Poziomkowski, Szymon"]
[Black "Dixa, Oskar"]
[Result "1/2-1/2"]
[WhiteTitle "I"]
[BlackTitle "I"]
[WhiteElo "1726"]
[BlackElo "1630"]

1. e4 c5 2. c3 d5 3. exd5 Qxd5 4. d4 Nf6 5. Nf3 Bg4 6. Be2 e6 7. Na3 a6 8. O-O
Be7 9. Nc2 Bh5 10. Be3 cxd4 11. Ncxd4 O-O 12. Qa4 b5 13. Qc2 Nc6 14. Rfd1 Nxd4
15. Rxd4 Qb7 16. Rdd1 Nd5 17. Nd4 Bxe2 18. Qxe2 Bf6 19. Qf3 Rac8 20. Rac1 Rc7
21. Rd3 Rfc8 22. Rcd1 Qb8 23. a3 Nb6 24. Bc1 Nc4 25. Qe4 Qb7 26. Qe2 Ne5 27. Rh3
Ng6 28. Qh5 h6 29. Nxe6 Rd7 30. Re1 Re8 31. Rhe3 Qb6 32. Nc5 Rxe3 33. Bxe3 Re7
34. Qd5 Kh7 35. h3 Re5 36. Qxf7 Rxe3 37. Rxe3 Qxc5 38. Re6 Qg5 39. Re3 Nf4 40.
g4 Qh4 41. Qd7 Nxh3+ 42. Rxh3 Qxh3 43. Qf5+ Kg8 44. Qc8+ Kf7 45. Qd7+ Kf8 46.
Qc8+ Ke7 47. Qc7+ Ke6 48. Qc8+ Kf7 49. Qd7+ Kg8 50. Qc8+ Kf7 1/2-1/2

[Event "OGOLNOPOLSKA OLIMPIADA MLODZIEZY<br/>MISTRZOSTWA POLSKI JUNIOROW 2016 - C14"]
[Site "Olecko"]
[Date "2016-05-07"]
[Round "3.19"]
[White "Kucharski, Bartlomiej"]
[Black "Skowron, Mateusz"]
[Result "1/2-1/2"]
[WhiteTitle "II"]
[BlackTitle "I"]
[WhiteElo "1667"]
[BlackElo "1508"]

1. e4 c6 2. d4 d5 3. exd5 cxd5 4. Bd3 Nc6 5. Nf3 Bg4 6. c3 Qc7 7. O-O e6 8. Bg5
Be7 9. Bxe7 Ngxe7 10. Nbd2 O-O 11. Bxh7+ Kh8 12. Bd3 Rab8 13. Qc2 Bf5 14. Bxf5
Nxf5 15. Qd3 Qe7 16. Rae1 b5 17. Ne5 Nxe5 18. Rxe5 g6 19. f4 Qd7 20. Nf3 Kg7 21.
Re2 b4 22. Ne5 Qd6 23. g4 Ne7 24. f5 exf5 25. gxf5 Nxf5 26. Rxf5 gxf5 27. Qxf5
Qh6 28. Rg2+ Kh8 29. Rg5 Qxg5+ 30. Qxg5 Rg8 31. Nxf7+ Kh7 32. Kf2 Rxg5 33. Nxg5+
Kh6 34. Ne6 bxc3 35. bxc3 Rb2+ 36. Ke3 Rxa2 37. Nc7 a5 38. Nxd5 a4 39. Nb4 Rxh2
40. d5 Kg7 41. Kd4 Kf7 42. c4 a3 43. d6 a2 44. Nxa2 Rxa2 45. Kd5 Ke8 46. c5 Kd7
47. c6+ Kc8 48. Kc5 Rc2+ 49. Kb6 Rb2+ 50. Kc5 Rc2+ 1/2-1/2

[Event "OGOLNOPOLSKA OLIMPIADA MLODZIEZY<br/>MISTRZOSTWA POLSKI JUNIOROW 2016 - C14"]
[Site "Olecko"]
[Date "2016-05-07"]
[Round "3.20"]
[White "Musial, Tomasz"]
[Black "Maciejewski, Kamil"]
[Result "1-0"]
[WhiteTitle "II+"]
[BlackTitle "I"]
[WhiteElo "1799"]
[BlackElo "1656"]

1. e4 e6 2. d4 d5 3. Nc3 Nf6 4. e5 Nfd7 5. f4 c5 6. Nf3 Nc6 7. Be3 Qb6 8. Qd2 Be7
9. O-O-O c4 10. Bxc4 Qa5 11. Bb3 b5 12. f5 Nb6 13. fxe6 Bxe6 14. Ne2 Bb4 15. c3
Be7 16. Bg5 Nc4 17. Bxc4 bxc4 18. a3 Qb5 19. Bxe7 Nxe7 20. Ng3 Nc6 21. Ng5 Bd7
22. Qf2 O-O 23. Qc2 g6 24. h4 Bg4 25. Rdf1 Ne7 26. h5 Qb3 27. Qb1 Bf5 28. Nxf5
gxf5 29. Rxf5 h6 30. Nh7 Nxf5 31. Qxf5 Rfd8 32. Rh3 Kh8 33. Rg3 Rg8 34. Nf6 Rg7
35. Rxg7 Kxg7 36. Qh7+ Kf8 37. Qh8+ 1-0

[Event "OGOLNOPOLSKA OLIMPIADA MLODZIEZY<br/>MISTRZOSTWA POLSKI JUNIOROW 2016 - C14"]
[Site "Olecko"]
[Date "2016-05-07"]
[Round "3.21"]
[White "Kawaler, Adam"]
[Black "Musiala, Jakub"]
[Result "1/2-1/2"]
[WhiteTitle "I"]
[BlackTitle "II+"]
[WhiteElo "1764"]
[BlackElo "1629"]

1. c4 Nf6 2. Nc3 e6 3. Nf3 c5 4. e3 Nc6 5. d4 d5 6. a3 a6 7. Bd3 Be7 8. dxc5 dxc4
9. Bxc4 Qxd1+ 10. Kxd1 Bxc5 11. b4 Bd6 12. h3 b5 13. Bd3 Bb7 14. Bb2 O-O 15. Ke2
Ne5 16. Nxe5 Bxe5 17. f3 Rac8 18. Rac1 Nd7 19. Rhd1 Nb6 20. g4 g6 21. f4 Bg7 22.
Kf2 Rfd8 23. Be2 Rxd1 24. Nxd1 Rxc1 25. Bxc1 Na4 26. Bf3 Bxf3 27. Kxf3 Nc3 28.
Nxc3 Bxc3 29. e4 e5 30. f5 f6 31. Ke3 g5 32. Kd3 Bd4 33. Kc2 h6 34. Kb3 Kf7 35.
a4 Kf8 36. axb5 axb5 37. Bd2 Kf7 38. Be1 Kg7 39. h4 Kf7 40. hxg5 hxg5 41. Bg3
Kg7 1/2-1/2

[Event "OGOLNOPOLSKA OLIMPIADA MLODZIEZY<br/>MISTRZOSTWA POLSKI JUNIOROW 2016 - C14"]
[Site "Olecko"]
[Date "2016-05-07"]
[Round "3.22"]
[White "Kukorowski, Jan"]
[Black "Galuszka, Tomasz"]
[Result "1/2-1/2"]
[WhiteTitle "I"]
[BlackTitle "II+"]
[WhiteElo "1706"]
[BlackElo "1586"]

1. e4 d5 2. exd5 Nf6 3. d4 Nxd5 4. c3 Bf5 5. Nf3 e6 6. Bc4 c6 7. O-O Bd6 8. Nbd2
O-O 9. Re1 Nd7 10. Nf1 b5 11. Bd3 Bxd3 12. Qxd3 h6 13. Ng3 a6 14. Ne4 Be7 15.
Nfd2 Qc7 16. Qf3 Qf4 17. Qe2 Qf5 18. Ng3 Qg6 19. Nde4 N7b6 20. f3 Rac8 21. Nf2
Bd6 22. Nge4 Bf4 23. Nd3 Bb8 24. Nec5 a5 25. a4 Qh5 26. g3 Nxa4 27. Nxa4 bxa4
28. Rxa4 Bc7 29. f4 Qxe2 30. Rxe2 Ra8 31. Rc4 Ne7 32. b3 Bd6 33. Ra2 Rfb8 34.
Ba3 Bxa3 35. Rxa3 Rb6 36. Kf2 Kf8 37. Nc5 Ke8 38. Rca4 Rb5 39. c4 Rbb8 40. Rxa5
Rxa5 41. Rxa5 Nf5 42. Ra2 Nxd4 43. g4 f6 44. Ke3 e5 45. Rb2 Ke7 46. fxe5 fxe5
47. b4 Rxb4 48. Rxb4 Nc2+ 49. Ke4 Nxb4 50. Kxe5 Nc2 51. Ke4 Ne1 52. Nb3 g6 53.
c5 Nc2 54. h4 Ke6 55. Na5 Nb4 56. Nb3 Nc2 57. g5 h5 58. Na5 Nb4 59. Nc4 Nd5 60.
Na5 Nb4 61. Nb3 Nc2 62. Nd2 Na3 63. Nf1 Nc4 64. Ng3 Nd2+ 65. Ke3 Nc4+ 66. Kd4
Nd2 67. Ke3 Nc4+ 1/2-1/2

[Event "OGOLNOPOLSKA OLIMPIADA MLODZIEZY<br/>MISTRZOSTWA POLSKI JUNIOROW 2016 - C14"]
[Site "Olecko"]
[Date "2016-05-07"]
[Round "3.23"]
[White "Bojczewski, Mateusz"]
[Black "Paliwoda, Borys"]
[Result "0-1"]
[WhiteTitle "II"]
[BlackTitle "II"]
[WhiteElo "1319"]
[BlackElo "1694"]

1. e4 c5 2. Nf3 e6 3. d4 cxd4 4. Nxd4 Qb6 5. Nc3 Bc5 6. Na4 Qa5+ 7. c3 Bxd4 8.
Qxd4 Nf6 9. b3 O-O 10. h4 Nc6 11. Qd3 Qe5 12. f3 d5 13. Nc5 Qg3+ 14. Ke2 b6 15.
Rh3 Qe5 16. Na4 dxe4 17. fxe4 Nxe4 18. Re3 f5 19. Nb2 Qf4 20. Rf3 Qxh4 21. Qc4
Ne5 22. Rf4 Qh5+ 0-1

[Event "OGOLNOPOLSKA OLIMPIADA MLODZIEZY<br/>MISTRZOSTWA POLSKI JUNIOROW 2016 - C14"]
[Site "Olecko"]
[Date "2016-05-07"]
[Round "4.1"]
[White "Teclaf, Pawel"]
[Black "Ochowicz, Jakub"]
[Result "1-0"]
[WhiteTitle "CM"]
[BlackTitle "I+"]
[WhiteElo "2214"]
[BlackElo "2040"]

1. e4 c5 2. Nf3 d6 3. d4 cxd4 4. Nxd4 Nf6 5. Nc3 Nc6 6. Bc4 e6 7. Bb3 Be7 8. f4
O-O 9. Be3 a6 10. Qf3 Qc7 11. O-O-O Nxd4 12. Bxd4 b5 13. Bxf6 Bxf6 14. e5 Bb7
15. Bd5 Bxd5 16. Nxd5 exd5 17. exf6 Rac8 18. Rd2 gxf6 19. Qxd5 Qc4 20. g3 Rfd8
21. Qxc4 Rxc4 22. Rhd1 Rc6 23. Rd4 Kg7 24. a4 Rdc8 25. c3 Rc5 26. Kc2 a5 27. axb5
Rxb5 28. Rd5 Rcc5 29. Rxc5 dxc5 30. Rd5 a4 31. c4 Ra5 32. Kb1 Kf8 33. Ka2 Ke7
34. Ka3 Ke6 35. g4 Ke7 36. Rh5 Kf8 37. Rxh7 Kg8 38. Rh5 Kg7 39. h4 Kg6 40. Rd5
Kh6 41. Rf5 Kg7 42. h5 1-0